U.S. Presidents by Signature - Statistics

General Stats
  • This quiz has been taken 103 times
    49 since last reset
  • The average score is 30 of 45
Answer Stats
Picture Answer % Correct
Abraham Lincoln
100%
Franklin Pierce
88%
John Tyler
88%
Ronald Reagan
88%
Andrew Johnson
85%
Gerald Ford
85%
Woodrow Wilson
82%
Dwight D. Eisenhower
79%
Harry S. Truman
79%
Herbert Hoover
79%
Jimmy Carter
79%
John Adams
79%
Lyndon B. Johnson
79%
Richard Nixon
79%
Bill Clinton
76%
John Quincy Adams
76%
Theodore Roosevelt
76%
Zachary Taylor
76%
Andrew Jackson
73%
James Buchanan
73%
Joe Biden
73%
Barack Obama
70%
Benjamin Harrison
70%
Donald Trump
70%
George H. W. Bush
70%
James A. Garfield
70%
James K. Polk
70%
Rutherford B. Hayes
70%
James Madison
67%
James Monroe
67%
Millard Fillmore
64%
Grover Cleveland
61%
John F. Kennedy
61%
Martin Van Buren
61%
George Washington
58%
Thomas Jefferson
58%
William Henry Harrison
58%
William Howard Taft
58%
Franklin D. Roosevelt
45%
Chester A. Arthur
39%
Warren Harding
39%
George W. Bush
36%
William McKinley
33%
Ulysses S. Grant
30%
Calvin Coolidge
24%
No matching quizzes found
Score Distribution
Percent of People with Each Score
Percentile by Number Answered
Your Score History
You have not taken this quiz since the last reset